Cidades Brasileiras por Imagem - Statistics

Estatísticas Gerais
  • Esse quiz foi jogado 286 vezes
  • A pontuação média é 10 de 27
Estatísticas das Respostas
Imagem Resposta % Correto
São Paulo
95%
Rio de Janeiro
90%
Brasília
86%
Salvador
73%
Belo Horizonte
68%
Natal
64%
Maceió
60%
Belém
53%
Florianópolis
45%
Rio Branco
37%
Porto Alegre
36%
Fortaleza
33%
Goiânia
31%
Cuiabá
26%
João Pessoa
22%
Aracaju
21%
Curitiba
21%
Vitória
21%
Campo Grande
20%
São Luís
20%
Manaus
17%
Palmas
17%
Teresina
17%
Porto Velho
15%
Recife
15%
Boa Vista
10%
Macapá
10%
Nenhum quiz correspondente encontrado
Distribuição das Pontuações
Porcentagem de Pessoas com Cada Pontuação
Percentil de Números Respondidos
Sua Pontuação Histórica
Você não jogou esse quiz